| 000 | 00607nam a2200205 a 4500 | ||
|---|---|---|---|
| 001 | 000025393 | ||
| 005 | 20200930023745.0 | ||
| 008 | 100702s1957 sp r 000 |aspa d | ||
| 040 |
_aDO-SdBNP _bspa _cBNPHU |
||
| 082 |
_axxx _bE23L, 1957 |
||
| 100 | 1 |
_aLuz Morales , María _951983 |
|
| 245 | 1 | 0 |
_aEdison / _cMaría Luz Morales. |
| 250 | _a4a ed. | ||
| 260 |
_aBarcelona : _bSeix Barral , _c1957. |
||
| 300 |
_a131 ; _c18 cm. |
||
| 490 | 1 | _aVidas de Grandes Hombres | |
| 504 | _aIncluye referencias bibliográficas al pie de las páginas. | ||
| 830 | 0 |
_aVidas de Grandes Hombres _951984 |
|
| 049 | _aBNGR | ||
| 999 |
_c24885 _d24885 |
||